Entry Toplantı Adı
001 - KONTROL NUMARASI
- Kontrol alanı: 40765
003 - KONTROL NUMARASI KİMLİĞİ
- Kontrol alanı: TR-BiSEU
005 - SON İŞLEM TARİHİ VE ZAMANI
- Kontrol alanı: 20260207002144.0
008 - SABİT UZUNLUKTAKİ VERİ ÖGELERİ - GENEL BİLGİ
- Sabit uzunlukta kontrol alanı: 260207|| aca||aabn | a|a d
040 ## - KATALOGLAMA KAYNAĞI
- Özgün kataloglama kurumu: TR-BiSEU
- Çeviri kurumu: TR-BiSEU
111 ## - KONU BAŞLIKLARI - TOPLANTI ADI
- Toplantı adı: 2010 yılının İstanbuluna doğru kent zirvesi (1997: İstanbul, Turkey)
670 ## - BİLGİNİN KAYNAĞI
- Bilginin alındığı kaynak: KOHA: (TR-BiSEU)17501: 2010 yılının İstanbuluna doğru kent zirvesi (1997: İstanbul, Turkey), 2010 yılının İstanbuluna doğru kent zirvesi :
